Más noticias sobre pintores madrileños de los siglos XVI al XVIII / (Record no. 20380)

MARC details
000 -LEADER
campo de control de longitud fija 00670nam a2200193 i 4500
001 - NÚMERO DE CONTROL
campo de control 20380
003 - IDENTIFICADOR DE NÚMERO DE CONTROL
campo de control ES-MaACL
005 - FECHA Y HORA DE LA ÚLTIMA TRANSACCIÓN
campo de control 20250805063225.0
007 - CAMPO FIJO DE DESCRIPCIÓN FÍSICA--INFORMACIÓN GENERAL
campo de control de longitud fija t|
008 - DATOS DE LONGITUD FIJA--INFORMACIÓN GENERAL
campo de control de longitud fija 021112s1981 sp ||||1| spa d
100 1# - ENTRADA PRINCIPAL--NOMBRE DE PERSONA
Nombre de persona Agulló y Cobo, Mercedes,
Fechas asociadas al nombre 1925-2019
9 (RLIN) 18903
245 10 - MENCIÓN DEL TÍTULO
Título Más noticias sobre pintores madrileños de los siglos XVI al XVIII /
Mención de responsabilidad, etc. Mercedes Agulló Cobo.
260 ## - PUBLICACIÓN, DISTRIBUCIÓN, ETC.
Lugar de publicación, distribución, etc. Madrid :
Nombre del editor, distribuidor, etc. Ayuntamiento, Delegación de Cultura,
Fecha de publicación, distribución, etc. [1981]
300 ## - DESCRIPCIÓN FÍSICA
Extensión 299 p. ;
Dimensiones 24 cm.
710 1# - ENTRADA AGREGADA--NOMBRE DE ENTIDAD CORPORATIVA
Nombre de entidad corporativa o nombre de jurisdicción como elemento de entrada Madrid.
Unidad subordinada Ayuntamiento.
-- Delegación de Cultura.
9 (RLIN) 5579
852 ## - LOCALIZACIÓN
Ubicación ES-MaACL
Número de control de estantería L-1941
Sublocalización o colección R.102906
852 ## - LOCALIZACIÓN
Ubicación ES-MaACL
Número de control de estantería L-5566
Sublocalización o colección R.106066
Holdings
Estatus retirado Estado de pérdida Estado de daño No para préstamo Biblioteca de origen Biblioteca actual Ubicación en estantería Fecha de adquisición Fuente de adquisición Total de préstamos Signatura topográfica completa Código de barras Visto por última vez Precio de reemplazo Tipo de ítem Koha
        Biblioteca del Ateneo de Madrid Biblioteca del Ateneo de Madrid Depósito 2 17/01/2008     L-5566 1020904 23/02/2023 23/02/2023 Libro impreso
        Biblioteca del Ateneo de Madrid Biblioteca del Ateneo de Madrid Depósito 2 17/01/2008     L-1941 1020903 23/02/2023 23/02/2023 Libro impreso